00489nam a2200217Ia 450000500170000000800460001702000180006303700100008104000080009104000080009904000080010704100080011504100080012308400080013110000120013924500320015126000260018326000090020965000130021885600400023120260306164603.0008 260114s9999 xx 000 0 eng d a9780300189551 aEBOOK aCRL beng cCRL 2eng aeng qCRL aBracken 0aRisk, Chance, And Causation bYale University Press c2013 aHistory  uhttps://academic.oup.com/book/29767